| 000 | 00643nam a22002057a 4500 | ||
|---|---|---|---|
| 005 | 20251108170934.0 | ||
| 008 | 250721s9999 xx 000 0 ara d | ||
| 082 | 1 | 4 | _aط/599.73/مهد |
| 100 | 1 |
_aمهدي، شفيق _eمؤلف |
|
| 245 | 1 | 0 | _aالظباء / |
| 264 | 1 |
_aالقاهرة : _bدار المصرية اللبنانية، _c[19-]. |
|
| 300 | _a16ص | ||
| 490 | 0 | _aسلسلة موسوعة الحيوان ؛4 | |
| 650 | 1 | 7 | _aالظباء |
| 650 | 1 | 7 | _aالغزلان |
| 653 | _aاطفال مرحلة متوسطة (6-9) سنوات | ||
| 700 | 1 |
_aعبد المنعم، ثابت _eرسم |
|
| 942 |
_2ddc _cBK |
||
| 999 |
_c52602 _d52602 |
||